000 nam a22 7a 4500
999 _c8238
_d8238
008 171212b xxu||||| |||| 00| 0 eng d
100 _94662
_aTWAIN.M
245 _aTHE ADVENTES OF TOM SAWYER
260 _aNEW DELHI
_bHAR ANAND
_c2017